NBA Players by Letter - H - Statistics

General Stats
  • This quiz has been taken 28 times
  • The average score is 12 of 41
Answer Stats
Team Answer % Correct
Rockets James Harden
95%
Nuggets Gary Harris
71%
Nets Joe Harris
71%
76ers Tobias Harris
71%
Bulls Shaquille Harrison
57%
Pelicans Josh Hart
48%
Bucks George Hill
38%
Heat Soloman Hill
38%
Mavericks Tim Hardaway Jr.
38%
Heat Udonis Haslem
38%
Pacers Aaron Holiday
33%
76ers Al Horford
33%
Hawks De'Andre Hunter
33%
Pistons Donta Hall
33%
Celtics Gordon Hayward
33%
Pelicans Jrue Holiday
33%
Pacers Justin Holiday
33%
Lakers Dwight Howard
29%
Suns Jared Harper
29%
Clippers Montrezl Harrell
29%
Rockets William Howard
29%
Knicks Maurice Harkless
24%
Kings Richaun Holmes
24%
Trail Blazers Rodney Hood
24%
Heat Tyler Herro
24%
Rockets Danuel House
19%
Rockets Isaiah Hartenstein
19%
Pistons John Henson
19%
Timberwolves Juancho Hernangomez
19%
Wizards Rui Hachimura
19%
Hornets Willy Hernangomez
19%
Kings Buddy Hield
14%
Raptors Dewan Hernandez
14%
Hawks Kevin Huerter
14%
Bulls Chandler Hutchison
10%
Trail Blazers Mario Hezonja
10%
Raptors Rondae Hollis-Jefferson
10%
Lakers Talen Horton-Tucker
10%
Pelicans Jaxson Hayes
5%
Trail Blazers Jaylen Hoard
0%
Thunder Kevin Hervey
0%
No matching quizzes found
Score Distribution
Percent of People with Each Score
Percentile by Number Answered
Your Score History
You have not taken this quiz